Wars in the Middle East - Statistics

General Stats
  • This quiz has been taken 34 times
  • The average score is 13 of 20
Answer Stats
War Year(s) Hint % Correct
Iran War 2026 During this war, Ali Khamenei is killed in an airstrike
100%
Gaza War 2023- Israel invades this strip following a surprise attack by Hamas
86%
Iraq War 2003-2011 Saddam Hussein is overthrown following a US-led invasion
86%
Syrian Civil War 2011-2024 Bashar al-Assad is overthrown due to this civil war
76%
Yemeni Civil War 2014- UN recognized government fights the Houthis in this civil war
76%
Six-Day War 1967 Israel captures the Gaza Strip, Sinai Peninsula, West Bank, and Golan Heights in this war
72%
Iranian Revolution 1979 The Shah is overthrown and an Islamic Republic is proclaimed
69%
Gulf War 1990-1991 International coalition liberates Kuwait following Iraqi invasion
66%
Lebanese Civil War 1975-1990 "Paris of the Middle East" is heavily damaged during this war
66%
Suez Crisis 1956 France and the UK join Israel in invading Egypt
66%
Iran-Iraq War 1980-1988 Saddam Hussein invades neighboring country, starting a prolonged war
62%
Turkish invasion of Cyprus 1974 Turkey invades this island and recognizes the TRNC as a country
62%
Hezbollah–Israel Conflict 2023- Israel detonates pagers and walkie-talkies used by this group
59%
War against the Islamic State 2013- Multilateral coalitions fight this terrorist organization in Iraq and Syria
59%
Yom Kippur War 1973 Arab states launch a surprise attack on Judaism's holiest day
59%
Red Sea Crisis 2023- Houthis fire on ships passing through this namesake body of water
48%
First Intifada 1987-1993 Palestinian uprising in the Gaza Strip and West Bank
45%
Second Intifada 2000-2005 Palestinian uprising in the Gaza Strip and West Bank
45%
Twelve-Day War 2025 Three Iranian nuclear facilities are bombed by the US in this war
45%
First Arab–Israeli War 1948-1949 Arab states fight Israel following its declaration of independence
17%
No matching quizzes found
Score Distribution
Percent of People with Each Score
Percentile by Number Answered
Your Score History
You have not taken this quiz